La Palabra y el sentido: análisis del discurso de Joaquín Sabina /

Збережено в:
Бібліографічні деталі
Автор: Suárez, Hugo José
Формат: Текст
Предмети:
Теги: Додати тег
Немає тегів, Будьте першим, хто поставить тег для цього запису!

MARC

LEADER 00000 a a2200000 04500
001 16550
003
040
100 |a Suárez, Hugo José  
245 |a La Palabra y el sentido:   |b análisis del discurso de Joaquín Sabina /  |c Hugo José Suárez 
500 |a Resumen también en inglés  
650 |a ANALISIS DE CONTENIDO  
650 |a MUSICA  
650 |a DISCURSOS  
650 |a NORMAS SOCIALES  
650 |a CAMBIO SOCIAL  
650 |a ESPAÑA  
773 |g volumen 68, número 1; páginas 49-79  
999 |c 30244  |d 30244